Statistics for Italian Foods Quiz

Click here to take the quiz!

General Stats

  • This quiz has been taken 225 times
  • The average score is 9 of 12

Answer Stats

Answer% Correct
Pizza
97%
Spaghetti
93%
Pesto
92%
Tiramisu
92%
Mozzarella
86%
Gelato
84%
Ravioli
74%
Tortellini
73%
Lasagne
72%
Cannoli
71%
Meatball
55%
Minestrone
21%

Score Distribution

Percentile by Number Answered

Percent of People with Each Score

Your Score History

You have not taken this quiz